Geography by Letter on the World Map - B - Statistics

General Stats
  • This quiz has been taken 89,602 times
  • The average score is 14 of 20
Answers on the Map
Answers color-coded by a green-red scale on the quiz's map according to % correct below.
 
Answer Stats
Answer % Correct
Brazil
99%
Botswana
90%
Baltic Sea
85%
Beijing
82%
Burkina Faso
81%
Bogota
80%
Black Sea
76%
Balkan Peninsula
75%
Bering Sea
75%
Brisbane
72%
Bay of Bengal
69%
British Columbia
69%
Baja California
68%
Borneo
64%
Bavaria
60%
Belgrade
59%
Baffin Island
49%
Baikal
46%
Bamako
39%
Brahmaputra
22%
No matching quizzes found
Score Distribution
Percent of People with Each Score
Percentile by Number Answered
Your Score History
You have not taken this quiz